Guess the Laufey song - #2 - Statistics

General Stats
  • This quiz has been taken 2 times
  • The average score is 100 of 227
Answer Stats
Answer % Correct
a
100%
and
100%
And
100%
But
100%
for
100%
I
100%
is
100%
me
100%
the
100%
Then
100%
this
100%
to
100%
us
100%
we
100%
we're
100%
you
100%
You
100%
all
50%
as
50%
As
50%
at
50%
been
50%
can't
50%
'Cause
50%
everything
50%
go
50%
had
50%
he
50%
he'd
50%
how
50%
I'm
50%
in
50%
it
50%
It's
50%
I've
50%
like
50%
more"
50%
myself
50%
"No
50%
our
50%
out,
50%
said,
50%
so
50%
something
50%
spoke
50%
that
50%
there's
50%
think
50%
want
50%
we'll
50%
We've
50%
woman
50%
Worst
50%
would
50%
above
0%
again
0%
air
0%
approve
0%
attraction
0%
before
0%
begins
0%
'bout
0%
Call
0%
chaos,
0%
clean
0%
clear
0%
don't
0%
dreadful
0%
ends
0%
fashion
0%
Fell
0%
final
0%
flames,
0%
fog
0%
gasping
0%
giving
0%
gods
0%
handsome
0%
help
0%
holding
0%
hour
0%
hypnotized
0%
idea
0%
ignore
0%
imagine
0%
into
0%
joke
0%
mad,
0%
mad
0%
Made
0%
mindless
0%
mythological
0%
obvious
0%
one
0%
passion
0%
Purely
0%
Question
0%
ransom
0%
remember
0%
remind
0%
seeing
0%
Seeking
0%
soul
0%
sour
0%
still,
0%
stupid
0%
Such
0%
terrible
0%
through
0%
together,
0%
ugliest
0%
Up
0%
vexing
0%
wine
0%
with
0%
year
0%
No matching quizzes found
Score Distribution
Percent of People with Each Score
Percentile by Number Answered
Your Score History
You have not taken this quiz